01233nam a2200313Ia 4500001001200000003000800012006001900020007001500039008004100054010001700095020002800112020001500140040002100155035002000176050002300196082001500219100002300234245012700257260005700384300003200441504006400473533015200537650002900689650001200718655002900730710001700759856012600776999001700902ebr10021628CaPaEBRm u cr cn|||||||||000519s2001 mduab sb 001 0 eng d z 00009623  z0801864917 (alk. paper) z0801875080 aCaPaEBRcCaPaEBR a(OCoLC)7073638814aG71.5b.C68 2001eb04a910/.92211 aCosgrove, Denis E.10aApollo's eyeh[electronic resource] :ba cartographic genealogy of the earth in the western imagination /cDenis Cosgrove. aBaltimore :bJohns Hopkins University Press,cc2001. axiii, 331 p. :bill., maps. aIncludes bibliographical references (p. 269-317) and index. aElectronic reproduction.bPalo Alto, Calif. :cebrary,d2013.nAvailable via World Wide Web.nAccess may be limited to ebrary affiliated libraries. 0aGeographical perception. 0aGlobes. 7aElectronic books.2local2 aebrary, Inc.40uhttp://site.ebrary.com/lib/rucke/Doc?id=10021628zAn electronic book accessible through the World Wide Web; click to view c25157d25157